<?xml version="1.0" encoding="UTF-8"?>
<record
    xmlns:xsi="http://www.w3.org/2001/XMLSchema-instance"
    xsi:schemaLocation="http://www.loc.gov/MARC21/slim http://www.loc.gov/standards/marcxml/schema/MARC21slim.xsd"
    xmlns="http://www.loc.gov/MARC21/slim">

  <leader>01367nam a22002657a 4500</leader>
  <controlfield tag="001">BRCA_9216</controlfield>
  <controlfield tag="003">FranzMayer</controlfield>
  <controlfield tag="005">20230710133820.0</controlfield>
  <controlfield tag="008">220725b        |||||||| |||| 00| 0 eng d</controlfield>
  <datafield tag="040" ind1=" " ind2=" ">
    <subfield code="b">spa</subfield>
    <subfield code="c">MFM</subfield>
  </datafield>
  <datafield tag="041" ind1="1" ind2=" ">
    <subfield code="a">eng</subfield>
    <subfield code="a">spa</subfield>
  </datafield>
  <datafield tag="050" ind1=" " ind2=" ">
    <subfield code="a">TR679</subfield>
    <subfield code="b">V64 2019</subfield>
  </datafield>
  <datafield tag="245" ind1=" " ind2=" ">
    <subfield code="a">Vogue : </subfield>
    <subfield code="b">like a painting</subfield>
  </datafield>
  <datafield tag="260" ind1=" " ind2=" ">
    <subfield code="a">M&#xE9;xico : </subfield>
    <subfield code="b">Cond&#xE9; Nast: M&#xE9;xico Latinoam&#xE9;rica, </subfield>
    <subfield code="c">2019</subfield>
  </datafield>
  <datafield tag="300" ind1=" " ind2=" ">
    <subfield code="a">114 p. : </subfield>
    <subfield code="b">fot. col. ; </subfield>
    <subfield code="c">25 x 33 cm.</subfield>
  </datafield>
  <datafield tag="500" ind1=" " ind2=" ">
    <subfield code="a">Ubicaci&#xF3;n: L59-N5</subfield>
  </datafield>
  <datafield tag="500" ind1=" " ind2=" ">
    <subfield code="a">Cat&#xE1;logo de la exposici&#xF3;n "Vogue Like a Painting" realizada en el Museo Franz Mayer en la Ciudad de M&#xE9;xico (12 de julio al 15 de septiembre de 2019).</subfield>
  </datafield>
  <datafield tag="520" ind1=" " ind2=" ">
    <subfield code="a">"Vogue like a painting" es una iniciativa que re&#xFA;ne el trabajo de visionarios de la fotograf&#xED;a que se han inspirado en grandes maestros de la pintura. Es una plataforma de estudio de la relaci&#xF3;n natural que existe entre la pintura, la moda y la fotograf&#xED;a, desde principios de la d&#xE9;cada de 1900 hasta la actualidad. - Karla Mart&#xED;nez de Salas, Directora editorial de Vogue M&#xE9;xico y Latinoam&#xE9;rica.</subfield>
  </datafield>
  <datafield tag="610" ind1=" " ind2=" ">
    <subfield code="a">Museo Franz Mayer (Mexico City, Mexico)</subfield>
    <subfield code="v">Exposiciones</subfield>
    <subfield code="x">Moda</subfield>
    <subfield code="x">Fotograf&#xED;a</subfield>
    <subfield code="9">28492</subfield>
  </datafield>
  <datafield tag="650" ind1=" " ind2=" ">
    <subfield code="a">Moda</subfield>
    <subfield code="x">Pintura</subfield>
    <subfield code="x">Fotograf&#xED;a</subfield>
    <subfield code="v">Exposiciones</subfield>
    <subfield code="9">28493</subfield>
  </datafield>
  <datafield tag="700" ind1=" " ind2=" ">
    <subfield code="a">Karla Mart&#xED;nez de Salas</subfield>
    <subfield code="e">Dir. ed.</subfield>
    <subfield code="9">28494</subfield>
  </datafield>
  <datafield tag="700" ind1=" " ind2=" ">
    <subfield code="a">Debra Smith</subfield>
    <subfield code="e">curadora</subfield>
    <subfield code="9">28495</subfield>
  </datafield>
  <datafield tag="942" ind1=" " ind2=" ">
    <subfield code="2">lcc</subfield>
    <subfield code="c">B</subfield>
  </datafield>
  <datafield tag="999" ind1=" " ind2=" ">
    <subfield code="c">10835</subfield>
    <subfield code="d">10835</subfield>
  </datafield>
  <datafield tag="952" ind1=" " ind2=" ">
    <subfield code="0">0</subfield>
    <subfield code="1">0</subfield>
    <subfield code="2">lcc</subfield>
    <subfield code="4">0</subfield>
    <subfield code="7">0</subfield>
    <subfield code="a">BRCA</subfield>
    <subfield code="b">BRCA</subfield>
    <subfield code="d">2022-07-25</subfield>
    <subfield code="e">Donaci&#xF3;n</subfield>
    <subfield code="l">0</subfield>
    <subfield code="o">TR679 V64 2019</subfield>
    <subfield code="p">CONT10001</subfield>
    <subfield code="r">2022-07-25 00:00:00</subfield>
    <subfield code="w">2022-07-25</subfield>
    <subfield code="y">B</subfield>
  </datafield>
</record>
